II Encuentro Nacional Guadalupano : México, D.F., 2 y 3 de diciembre de 1977 /
Memorias del II Encuentro Nacional Guadalupano, que organizó el Centro de Estudios Guadalupanos a fines de 1977 y giró en torno a dos ejes temáticos: las fuentes históricas de la devoción guadalupana -asunto retomado nuevamente en el Encuentro de 1978- y al interior de éstas, personajes -como fray B...
Збережено в:
| Співавтор: | |
|---|---|
| Інші автори: | |
| Формат: | Матеріали конференцій Книга |
| Мова: | Іспанська |
| Опубліковано: |
México :
Jus,
1979, c1979
|
| Предмети: | |
| Теги: |
Немає тегів, Будьте першим, хто поставить тег для цього запису!
|
MARC
| LEADER | 00000nam^a2200000^a^4500 | ||
|---|---|---|---|
| 001 | 000111738 | ||
| 005 | 20250521000000.0 | ||
| 009 | 20260310093844.456 | ||
| 037 | |a Acervo ITESO - Biblioteca | ||
| 041 | |a ESP | ||
| 082 | |a 232. 917 |b ENC 1977 | ||
| 111 | |a Encuentro Nacional Guadalupano ( |n 2o : |d 1977 : |c Centro de Estudios Guadalupanos A.C.) | ||
| 240 | 1 | 1 | |a [Encuentro Nacional Guadalupano] |
| 245 | 1 | 0 | |a II Encuentro Nacional Guadalupano : |b México, D.F., 2 y 3 de diciembre de 1977 / |c Encuentro Nacional Guadalupano ; introd. de L. Medina Ascensio. |
| 264 | 4 | |a México : |b Jus, |c 1979, c1979 | |
| 300 | |a 145 p. | ||
| 336 | |a texto |b txt |2 rdacontenido | ||
| 337 | |a sin mediación |b n |2 rdamedio | ||
| 338 | |a volumen |b nc |2 rdasoporte | ||
| 520 | |a Memorias del II Encuentro Nacional Guadalupano, que organizó el Centro de Estudios Guadalupanos a fines de 1977 y giró en torno a dos ejes temáticos: las fuentes históricas de la devoción guadalupana -asunto retomado nuevamente en el Encuentro de 1978- y al interior de éstas, personajes -como fray Bernardino de Sahagún, Antonio Valeriano, Juan Diego, el religioso Juan González- que poseen una importancia fundamental en la historiografía de la Virgen de Guadalupe. | ||
| 649 | |a XX | ||
| 650 | |a Virgen de Guadalupe - |z México - |x Congresos | ||
| 650 | |a Virgen de Guadalupe - |x Apariciones y Milagros - |x Historia | ||
| 650 | |a Virgen de Guadalupe - |z México - |x Culto - |x Historia | ||
| 650 | |a Virgen de Guadalupe - |x Culto - |x Historia | ||
| 650 | |a Virgen María - |x Apariciones y Milagros | ||
| 650 | |a Virgen María - |z México - |x Culto | ||
| 650 | |a Virgen María - |x Culto | ||
| 650 | |a Culto Religioso - |z México - |x Historia | ||
| 650 | |a Obispos de México (Ciudad) | ||
| 650 | |a Obispos de México | ||
| 650 | |a Ministros Religiosos Españoles | ||
| 650 | |a Religiosos Españoles | ||
| 650 | |a Indígenas de México | ||
| 650 | |a Catolicismo - |z México - |x Historia | ||
| 650 | |a Iglesia Católica en México - |x Historia | ||
| 650 | |a Cristianismo - |z México - |x Historia | ||
| 650 | |a Teología | ||
| 650 | |a Religión - |z México - |x Historia | ||
| 650 | |a Historiografía - |z México | ||
| 650 | |a México - |x Historia - |x Documentos | ||
| 650 | |a México - |x Historia - |y Gobernadores y Audiencia, 1521-1535 | ||
| 650 | |a México - |x Historia - |y Epoca Colonial, 1517-1821 | ||
| 650 | |a Valeriano, Antonio | ||
| 650 | |a Juan Diego, |c Santo | ||
| 650 | |a González, Juan | ||
| 600 | |a Sahagún, Bernardino de, |c Fray | ||
| 700 | |a Medina Ascensio, Luis |e (introducción) | ||
| 910 | |a Fondo Salvador Reynoso Reynoso | ||
| 920 | |a Impresos - Libros | ||
| 930 | |a Fondos Especiales | ||
| 905 | |a 112 | ||
| 901 | |a 0800000949 |b IT2 |c ESP |u 20250521 | ||
| 901 | |a 0800000950 |b IT2 |c ESP |u 20250521 | ||
| 901 | |a 0800000947 |b IT2 |c ESP |u 20250521 | ||
| 901 | |a 0800000946 |b IT2 |c ESP |u 20250521 | ||
| 902 | |a https://opac.biblio.iteso.mx/vufind/Record/000111738 | ||